000 00986cam a2200301 a 4500
001 000011902
005 20200929162618.0
008 810529s1979 sp a b 000 0 spa d
015 _aSp
020 _a8470900951
040 _aDO-SdBNP
_bspa
_cDLC
_dBNPHU
082 _a401.43
_bR175a
100 1 _aRamón Trives, Estanislao.
_928147
245 1 0 _aAspectos de semántica lingüístico-textual /
_cEstanislao Ramón Trives.
260 _aMadrid, España :
_bEdiciones Istmo,
_bEdiciones Alcala,
_c1979.
300 _aviii, 403 p. :
_bil. ;
_c24 cm.
490 1 _aRomania
_v17
490 1 _aLingüística
490 1 _aPensamiento
504 _aIncluye referencias bibliográficas (p. [389] -403).
650 4 _aSemántica
_927831
650 4 _aAnálisis semántico
_928148
650 4 _aRelación semántica
_928149
650 4 _aLingüística
_94035
830 0 _aRomania ;
_pLingüística,
_pPensamiento
_v17
_928150
910 _aCatalogación por copia / LC
049 _aBNGR
999 _c11572
_d11572